000 00542nam a22001937a 4500
999 _c7689
_d7689
003 OSt
005 20220215114037.0
008 220215b ||||| |||| 00| 0 eng d
020 _a0415156459, 9780415156455
040 _cDDC
082 _a330.105195 SED 2000
100 _aSeddighi, H.R: K.A, Lawler: A.V. Katos
_915714
245 _aEconometrics:
_bA Practical Approach
260 _aNew York:
_bRoutledge;
_c2000
300 _axiii,396p:
_bill;
_c26cm.
504 _aIncludes Index.
650 _aEconometrics.
_914148
942 _2ddc
_cBOOK